Ultimate Geography Challenge 'D' Quiz Stats

 Plays Quiz Updated Jun 9, 2015

Challenge
Share
Tweet
Embed
Score 0/18 Timer 05:00
51 Plays Today
% Correct
Denmark
95.6%
Delaware
94.3%
Djibouti
82.5%
Djibouti, Djibouti
82.5%
Dominica
74.8%
Denver
74.6%
Dominican Republic
73.8%
Dover
67.5%
Democratic Republic of the Congo
63.5%
% Correct
Dublin, Ireland
56.5%
Des Moines
55.8%
Dakar, Senegal
55.2%
Dhaka, Bangladesh
51.8%
Damascus, Syria
51.2%
Doha, Qatar
48.2%
Dili, Timor-Leste
44.5%
Dodoma, Tanzania
42.5%
Dushanbe, Tajikistan
39.2%

You're not logged in!

Compare scores with friends on all Sporcle quizzes.
Join for Free
OR
Log In

You Might Also Like...

Show Comments

Extras

Top Quizzes Today


Score Distribution

Your Account Isn't Verified!

In order to create a playlist on Sporcle, you need to verify the email address you used during registration. Go to your Sporcle Settings to finish the process.

Report this User

Report this user for behavior that violates our Community Guidelines.

Details: